Statistics for Dookie Songs by Green Day

Click here to take the quiz!

General Stats

  • This quiz has been taken 657 times
    (609 since last reset)
  • The average score is 11 of 15

Answer Stats

HintAnswer% Correct
7Basket Case
93%
4Longview
87%
5Welcome to Paradise
86%
8She
83%
1Burnout
82%
10When I Come Around
82%
3Chump
73%
14F.O.D.
73%
2Having a Blast
70%
15All by Myself
67%
6Pulling Teeth
66%
9Sassafras Roots
63%
13In the End
61%
11Coming Clean
59%
12Emenius Sleepus
54%

Score Distribution

Percentile by Number Answered

Percent of People with Each Score

Your Score History

You have not taken this quiz since the last reset